LaLiga - Statistiques

Statistiques générales
  • Ce quiz a été pris 68 fois
  • Le résultat moyen est 8 sur 20
Statistiques - réponses
Question Réponse % Correct
Quel joueur a inscrit le plus de buts en une seule saison de La Liga ? Lionel Messi
87%
Quel club détient le record du plus grand nombre de titres de La Liga ? Real Madrid
79%
Quel club est connu sous le surnom "Le Sous-Marin Jaune" ? Villareal
75%
Quel stade est le plus grand en capacité parmi les clubs de La Liga ? Camp Nou
74%
Le trophée du meilleur buteur de La Liga se nomme : Trophée Pichichi
64%
Qui est le meilleur passeur de l’histoire de La Liga ? Lionel Messi
62%
Combien de clubs participent à chaque saison de La Liga ? 20
59%
Quel entraîneur a remporté le plus de titres de Liga avec le FC Barcelone ? Pep Guardiola
52%
Quel club est surnommé "Los Che" ? Valence
38%
Quel joueur est connu pour être resté invaincu pendant 38 matches en tant qu’entraîneur du Real Madrid ? Zinédine Zidane
36%
Quel club a terminé deuxième de La Liga lors de la saison 2013-2014 ? Barcelone
28%
Quel club a remporté La Liga en 1999-2000 ? La Corogne
28%
En quelle année l’Atlético Madrid a-t-il remporté son premier titre de Liga ? 1940
25%
Quel club a été relégué lors de la saison 2021-2022 ? Levante
23%
Quel club andalou est surnommé "Los Nervionenses" ? Seville
23%
Le Real Sociedad joue dans quel stade ? Anoeta
21%
Le Trophée Zamora récompense : Le gardien ayant le meilleur ratio de buts encaissés
18%
Combien y a-t-il eu de classico dans toute l'histoire ? 253
16%
Quelle ville accueille le club Deportivo Alavés ? Vitoria-Gasteiz
15%
Quel joueur espagnol a marqué plus de 250 buts en Liga ? Telmo Zarra
8%
Aucun quiz correspondant
Distribution des résultats
% des personnes avec chaque résultat
Percentile par nombre de réponses
Votre historique - résultats
Vous n’avez pas pris ce quiz